Words containing these prompts: - Statistics

General Stats
  • This quiz has been taken 11 times
  • The average score is 5 of 8
Answer Stats
Prompt Answer % Correct
AX ax/axe/battleaxe/axes/axises/axis/saxophonists/saxophonist/saxophone/saxophones/sax/pax/lax/laxatives/laxative/maximals/maximal/max/maxing...
100%
HE hexakosioihexekontahexaphobia/hexagonal/hexagonally/hexagon/hexagons/he/heftinesses/heftiness/hefty/heresies/heresy/chef/chefs/heirloom/heirlooms/here/there/therefore/aches/ache/sachet/sachets/heterogeneous/heterozygous...
100%
BAC back/back-to-back/backs/baccalaureate/bach/baccalaureates...
89%
MA mango/mangoes/man/mace/maces/mac/macs/make/made/homemade/makes/making/mason/masons...
78%
LE level/lever/baller/ballers/leveling/levels/levers/lee/less/sale/sales/whale/whales/males/male/lecture/lectures/lecturing/left/left-handed...
56%
SE sesquipedalian/sesquipedalophobia/hippopotomonstrosesquipedaliophobia/hippopotomonstrosesquippedaliophobia/serendipity/serendipities/see/see-through/seeing/seen/base/bases/case/cases/semicircle/semicircles/semi-professional/semi-professionals/semi/seconds/yoctoseconds/second/yoctosecond/centiseconds/centisecond/milliseconds/millisecond/microsecond/microseconds...
56%
TA tattarrattat/tarnation/tartare/tartares/tattarrattats/tarnations/iota/tar/tars/tart/tarts/tantalum/tantalums/tas...
33%
CE aequeosalinocalcalinoceraceoaluminosocupreovitriolic/mace/maces/grace/graces/deuce/deuces/ceramic/ceramic/ace/aced/aces/ethylenediaminetetraacetate/ethylenediaminetetraacetates/pace/paces/paced/pacer...
11%
No matching quizzes found
Score Distribution
Percent of People with Each Score
Percentile by Number Answered
Your Score History
You have not taken this quiz